Представление документа в формате MARC21

Поле Инд. ПП Название Значение
Тип записи a
Библиографический уровень m
001 Контрольный номер 61f105f3-3a63-4935-be85-1891230b875a
005 Дата корректировки 20140227000807.6
008 Кодируемые данные 021217
020 a ISBN 5-9221-0122-6
c Цена, тираж 119.00
020 a ISBN 5-9221-0053-X
040 a Служба первич. каталог. НБ ТвГУ
041 a Код языка текста rus
080 a Индекс УДК 530.1(075.8)
a Индекс УДК 539.3(075.8)
084 a Индекс другой классификации/Индекс ББК В31я731-1
a Индекс другой классификации/Индекс ББК В251.1я731-1
090 x Авторский знак Л22
a Полочн. индекс В31
100 1_ a Автор Ландау Лев Давидович
245 10 a Заглавие Теоретическая физика
n Номер части/ раздела Т. 7
p Название части/ раздела Теория упругости
b Продолж. заглавия Учеб. пособие для студентов физ. специальностей ун-тов
c Ответственность Л. Д. Ландау и Е. М. Лифшиц; Под ред. Л. П. Питаевского
250 a Основные сведения об издании 5-е изд.
b Дополнительные сведения об издании стер.
260 0_ a Место издания Москва
b Издательство ФИЗМАТЛИТ
c Дата издания 2001
300 a Объем 259 с.
b Иллюстрации/ тип воспроизводства ил.
440 a Серия Теоретическая физика : В 10 т.
490 _0 v N тома Т. 7
504 a Библиография Предм. указ.: с.258-259.
583 a Действие Получение впервые 500 17.12.2002
k Исполнитель действия ООО "Книжный мир"
650 a Основная рубрика Физика теоретическая
x Основная подрубрика Учебники для вузов
650 a Основная рубрика Упругости теория
653 a Ключевые слова Физика
a Ключевые слова Теоретическая физика
a Ключевые слова Упругость
a Ключевые слова Теория упругости
700 1_ a Другие авторы Лифшиц Евгений Михайлович
e Роль лиц авт.
700 1_ a Другие авторы Питаевский Лев Петрович
e Роль лиц ред.
852 t Порядковый номер экземпляра 3
p Инвентарный номер 759123
p Инвентарный номер 759124
p Инвентарный номер 759125
888 a За счет средств университета
930 a Новая/Ретро учебники
952 p 500.2002 119.00 1 759123
p 500.2002 119.00 1 759124
p 500.2002 119.00 1 759125
c Вид литературы К ру
954 a Дата поступления на обработку 20021223
999 a Подразделение 2 Фил3